Statistics for Music Trivia: 2006 songs and artists

Click here to take the quiz!

General Stats

  • This quiz has been taken 138 times
    (116 since last reset)
  • The average score is 7 of 15

Answer Stats

Hint: This is a 2006 song by...Answer: ...this group or artist% Correct
Hips Don't LieShakira feat. Wyclef Jean
97%
CrazyGnarls Barkley
65%
You're BeautifulJames Blunt
61%
How to Save a LifeThe Fray
61%
Dani CaliforniaRed Hot Chili Peppers
56%
UnwrittenNatasha Bedingfield
52%
Bad DayDaniel Powter
51%
Supermassive Black HoleMuse
46%
Jesus, Take the WheelCarrie Underwood
45%
White & NerdyWeird Al Yankovic
34%
Waiting On the World to ChangeJohn Mayer
29%
Put Your Records OnCorinne Bailey Rae
27%
I Don't Feel Like Dancin'Scissor Sisters
27%
Who Says You Can't Go Home?Bon Jovi with Jennifer Nettles
13%
Steady, As She GoesThe Raconteurs
13%

Score Distribution

Percentile by Number Answered

Percent of People with Each Score

Your Score History

You have not taken this quiz since the last reset